100 Prem Goals Club - Statistics

General Stats
  • This quiz has been taken 10 times
  • The average score is 21 of 34
Answer Stats
Goals Answer Mainly For % Correct
260 Alan Shearer Newcastle United
100%
213 Harry Kane Tottenham Hotspur
100%
150 Michael Owen Liverpool
90%
208 Wayne Rooney Manchester United
90%
104 Didier Drogba Chelsea
80%
177 Frank Lampard Chelsea
80%
184 Sergio Aguero Manchester City
80%
106 Darren Bent Sunderland
70%
145 Jamie Vardy Leicester City
70%
162 Jermain Defoe Tottenham Hotspur
70%
100 Matt Le Tissier Southampton
70%
189 Mohamed Salah Liverpool
70%
144 Robin van Persie Arsenal
70%
127 Son Heung-Min Tottenham Hotspur
70%
120 Steven Gerrard Liverpool
70%
175 Thierry Henry Arsenal
70%
107 Paul Scholes Manchester United
60%
108 Peter Crouch Stoke City
60%
163 Robbie Fowler Liverpool
60%
121 Romelu Lukaku Everton
60%
109 Ryan Giggs Manchester United
60%
111 Sadio Mané Liverpool
60%
103 Cristiano Ronaldo Manchester United
50%
123 Dwight Yorke Aston Villa
50%
113 Ian Wright Arsenal
50%
125 Nicolas Anelka Chelsea
50%
126 Robbie Keane Tottenham Hotspur
50%
146 Teddy Sheringham Tottenham Hotspur
50%
149 Les Ferdinand Queens Park Rangers
40%
123 Raheem Sterling Manchester City
40%
111 Dion Dublin Coventry City
30%
110 Emile Heskey Liverpool
30%
127 Jimmy Floyd Hasselbaink Chelsea
30%
187 Andrew Cole Manchester United
20%
No matching quizzes found
Score Distribution
Percent of People with Each Score
Percentile by Number Answered
Your Score History
You have not taken this quiz